000 00601nam a22002177a 4500
003 UA-OsUOA
001 120941
007 ta
008 20170227b un ||||| |||| 00| 0 ukr d
100 _aВасилишин О.
090 _a82
_bВ19
942 _cSA
040 _aUA-OsUOA
_bukr
_cUA-OsUOA
_dUA-OsUOA
245 _aТворчість Галини Журби в дискурсі еміграційної критики
300 _aС.8-12
955 _a0
041 _aukr
080 _a82
773 0 _w120940
650 7 _a82 Література. Літературознавство
_2UDC
999 _c407049
_d407049